000 00489nam a2200193Ia 4500
008 151119s9999||||xx |||||||||||||| ||und||
082 _a925
082 _bGKKV9005
100 _aसोवनी रा वि
245 _aगँलीलीओ
260 _a--
260 _b--
260 _c1991
600 _aसोवनी रा वि
630 _aगँलीलीओ
700 _aसोवनी रा वि
730 _aगँलीलीओ
942 _cBOOK
999 _c1063364
_d1063361